000 00657nam a2200265Ia 4500
003 OSt
005 20221007105159.0
006 a|||||r|||| 00| 0
007 ta
008 221006b |||||||| |||| 00| 0 eng d
024 _a17,856
037 _cTextual
040 _aLCO
_cLCO
_beng
041 _2eng
_aeng
082 _aZ2,3y7, K9
100 _aSmith J.C
245 0 _aCasebook on Contract
250 _a4th
260 _aLondon
_bSweet & Maxwell UK
_c1969
300 _a560
650 _aCONTRACT
700 _a Thomas J.A.C
_9283114
942 _hZ2,3y7, K9
_cTEXL
999 _c1187419
_d1187419